[Event "Polanica Zdroj op"]
[Site "Polanica Zdroj"]
[Date "1998.??.??"]
[Round "?"]
[White "Antoniewski, Rafal"]
[Black "Shcherbakov, Ruslan"]
[Result "1/2-1/2"]
[WhiteElo "2430"]
[BlackElo "2555"]
[Annotator "Sherbakov,R"]
[PlyCount "55"]
[EventDate "1998.??.??"]
[EventType "swiss"]
[EventRounds "10"]
[EventCountry "POL"]
[SourceTitle "EXT 2003"]
[Source "ChessBase"]
[SourceDate "2002.11.25"]
[SourceVersion "1"]
[SourceVersionDate "2002.11.25"]
[SourceQuality "1"]

1. e4 c5 2. Nf3 Nc6 3. d4 cxd4 4. Nxd4 Nf6 5. Nc3 d6 6. Bg5 e6 7. Qd2 Be7 8.
O-O-O O-O 9. f4 Nxd4 10. Qxd4 Qa5 11. Kb1 Rd8 12. Qd2 Qc7 13. Bd3 Bd7 14. h4 (
14. Rhe1 $6 h6) 14... Bc6 15. Qe2 (15. h5 $6 h6 16. Bh4 d5 17. Bxf6 dxe4 $1 (
17... Bxf6 18. e5) 18. Bxe7 (18. Be5 Bd6 19. Nxe4 Bxe5 20. fxe5 Bxe4) 18...
Qxe7 19. Nxe4 Bxe4 20. Qe2 Bxd3 21. Rxd3 Rxd3 22. Qxd3 Rd8 23. Qe3 a6 $15) (15.
f5 exf5 16. exf5 d5 $13) 15... Rac8 $1 $146 (15... a6 {- 60/215}) 16. Rhf1 (16.
e5 Nd5 17. Nxd5 Bxd5 18. Bxe7 Qxe7 19. Qh5 h6) (16. f5 exf5 17. exf5 d5 $13)
16... h6 17. e5 (17. f5 $2 hxg5 (17... exf5 $5) 18. hxg5 Nh7 19. g6 fxg6 20.
fxg6 Nf6 {/\ Be8}) 17... Nd5 (17... hxg5 $2 18. hxg5 $1 (18. exf6 $6 Bxf6 19.
Ne4 (19. hxg5 Bxc3 20. bxc3 Bd5 $17) 19... Bxe4 20. Qxe4 gxh4) (18. fxg5 $6
dxe5 (18... Nd5 $2 19. Nxd5 Bxd5 20. Rxf7 $1) 19. gxf6 Bxf6 $15) 18... Ne8 (
18... Nd5 $2 19. Qh5 $1 (19. Nxd5 $6 Bxd5 20. Qh5 g6 21. Bxg6 fxg6 22. Qxg6+
Kf8 23. Rh1 (23. Rxd5 $5 exd5 24. e6 Qxc2+ 25. Qxc2 Rxc2 26. Kxc2 Rc8+ 27. Kd3
Rc4 $13) 23... Qxc2+ $1 24. Qxc2 Bxa2+ 25. Kc1 Kg8 26. Rh3 Rxc2+ 27. Kxc2 Bd5)
19... Nxc3+ 20. bxc3 Bxg5 $8 21. fxg5 $18 {->}) 19. g6 fxg6 20. Bxg6 $5 (20.
Qg4 $40) 20... dxe5 21. fxe5 $40) 18. Nxd5 Bxd5 19. Qh5 $1 dxe5 $8 (19... Kf8
$2 20. f5 $1 dxe5 21. f6 gxf6 22. Qxh6+ Ke8 23. Bxf6 (23. Bb5+ Bc6 24. Qh8+ Bf8
25. Bxc6+ bxc6 26. Qxf6) 23... Bxf6 24. Qxf6 $16 {|^}) 20. fxe5 Bxg5 $8 21.
hxg5 g6 (21... Bc4 $5) 22. Qxh6 (22. Qh2 $5 Bc4 (22... h5 $6 23. g4 Bc4 (23...
h4 $2 24. Qxh4 Qxe5 25. Rxf7 $1) 24. gxh5 gxh5 25. a3) 23. gxh6 (23. g4 Rd5 $1
24. gxh6 Bxd3 25. cxd3 Qxe5) 23... Bxd3 24. cxd3 Qc2+ 25. Ka1 Rxd3 26. Rb1)
22... Bxg2 $1 (22... Bc4 $2 23. Rh1 Qxe5 24. Bxc4) (22... Qxe5 $2 23. Rxf7 $1
Kxf7 24. Qh7+) 23. Bxg6 $5 (23. Rf6 $2 Be4 $1 (23... Qxc2+ $2 24. Bxc2 Rxd1+
25. Bxd1 Be4+ 26. Bc2 $1)) (23. Rfe1 $6 Rxd3 $5 (23... Bf3 24. Rc1 $5 (24. Bxg6
$11)) 24. cxd3 Qc2+ 25. Ka1 Bf3 26. Rb1 Bd5 27. Qh4 Rc6 $44 {|^}) (23. Rf2 $5
Be4 24. Rh2 (24. Rdf1 Rxd3 $1 25. Rh2 Qxc2+ $1 $11) 24... Qxe5 25. Rf1 $1 (25.
Re1 Bxd3 $1) 25... Qxh2 $1 {[]} (25... Bf5 $2 26. Rfh1 $18) 26. Qxh2 Rxd3 $1
27. Qf4 Rd1+ $1 28. Rxd1 Bxc2+ 29. Kc1 Bb3+ 30. Kd2 Rd8+ 31. Ke1 Bxd1 32. Qc7
Rd5 33. Qxb7 a5 $11) 23... Rxd1+ (23... Bxf1 $2 24. Qh7+ Kf8 25. Rxf1) 24. Rxd1
fxg6 25. Qxg6+ Kf8 (25... Kh8 $2 26. Rd4) 26. Rd2 $1 (26. Qf6+ $6 Qf7 27. Qh8+
Qg8 28. Qf6+ Ke8 29. Rd6 Bh3) (26. Qh6+ $6 Qg7 27. Qxe6 Re8) 26... Qxe5 $8 27.
Rf2+ Ke7 28. Qf6+ (28. Qf6+ Qxf6 29. gxf6+ Kf7 30. Rxg2 Kxf6) 1/2-1/2

[Event "Olympiad-31"]
[Site "Moscow"]
[Date "1994.12.14"]
[Round "13.2"]
[White "Adams, Michael"]
[Black "Kramnik, Vladimir"]
[Result "1/2-1/2"]
[WhiteElo "2640"]
[BlackElo "2725"]
[Annotator "Speelman,J"]
[PlyCount "107"]
[EventDate "1994.12.01"]
[EventType "team-swiss"]
[EventRounds "14"]
[EventCountry "RUS"]
[SourceTitle "CBM 045"]
[Source "ChessBase"]
[SourceDate "1995.04.01"]
[SourceVersion "1"]
[SourceVersionDate "1995.04.01"]
[SourceQuality "1"]
[WhiteTeam "England"]
[BlackTeam "Russia"]
[WhiteTeamCountry "ENG"]
[BlackTeamCountry "RUS"]

1. e4 {Boensch Ftacnik Hecht Ernst} c5 2. Nc3 Nc6 3. Nf3 d6 4. d4 cxd4 5. Nxd4
Nf6 6. Bg5 e6 7. Qd2 Be7 8. O-O-O Nxd4 9. Qxd4 O-O 10. f4 Qa5 11. Bc4 Bd7 12.
e5 dxe5 13. fxe5 Bc6 14. Bd2 Nd7 15. Nd5 Qc5 16. Nxe7+ Qxe7 17. Rhe1 Rfd8 18.
Qg4 (18. Bf1 {Boensch} Nf8 19. Qe3 Qh4 20. h3 Ng6 21. c4 Rd4 22. g3 Rxc4+ 23.
Bc3 Qe4 24. Qd2 Qd5 25. Qxd5 Rxc3+ 26. bxc3 Bxd5 $10 {Yudasin,L-Kotronias,V
Moscow olm (04) ISR-GRE 1994 1/2 64 -CBM 45}) 18... Nf8 (18... Nb6 19. Bf1 Qc5
20. Qb4 Qf2 21. Qf4 Qxf4 22. Bxf4 $14 {Tseshkovsky,V-Yudasin,L/URS-ch/1986/1/
2-1/2/42}) 19. Bd3 (19. h4 $5 $146 Qc5 20. Bc3 $1 h5 $2 21. Qe2 $1 Bxg2 22.
Rxd8 Rxd8 23. Bd3 $1 Bh3 $8 24. Qxh5 f5 25. Qf3 Bg4 26. Qxb7 $16 {Sherzer,
A-Rachels,S/USA-ch/1992/1:0/38}) (19. Bf1 Qc5 $1 20. Bc3 Ng6 21. Qg5 Rd5 22.
Rxd5 Bxd5 23. a3 Rc8 24. Qe3 Qc6 25. g3 a6 26. Be2 Ne7 27. Qg5 Qc7 $10 {
Kamsky,G-Anand,V/Linares/1993/0:1/68}) 19... Rxd3 (19... Qc7 {Boensch} 20. Bb4
Bd5 21. Kb1 Rac8 22. Bd6 Qc6 23. b3 b5 24. Re3 Ng6 25. h4 $40 {Tatai,S-Epishin,
V Reggio Emilia (06) 1994 1-0 42 - CBM 45}) 20. cxd3 Qd7 (20... Qc5+ $5 21. Kb1
Qd5 $44) (20... Ng6 {Boensch} 21. Kb1 Qd8 22. Bc3 a5 23. g3 Ne7 24. Bd4 Qd5 25.
Bg1 {Der Plan Bd4-g1 verspricht keinen Vorteil.} a4 26. Qb4 Qd8 27. Bb6 Qd7 28.
Bc5 Nd5 29. Qd4 Qd8 30. Rf1 Qg5 31. Rf2 Rd8 32. Ka1 h6 $10 {Anand,V-Lobron,E
Manila olm (13.06.1) 1992 1/2 52}) 21. Bb4 (21. Kb1 Qxd3+ $6 22. Ka1 $14 {
Ivanchuk,V-Anand,V (07)/Linares m/1992/1:0/51} (22. Ka1 {Boensch} h5 (22... Qf5
23. Qg3 Ng6 24. Bc3 h6 25. Rf1 Qe4 26. Rd2 Bd5 27. b3 Rc8 28. Kb2 a6 29. Rdf2
Rc7 30. Re1 Qh4 31. Qxh4 Nxh4 $10 {Ivanchuk,V-Anand,V (7) Linares m 1992 1-0 51
}) 23. Qe2 (23. Qxh5 Ba4 24. Bc3 Bxd1 25. Rxd1 Qe4 26. Qf3 (26. Qg5 a5 27. Qd2
Ng6 28. g3 Ne7 29. Qd7 Nd5 30. Bd4 Qe2 31. Rc1 b5 32. Bc5 Qd3 33. Qc6 Rd8 34.
Bd6 Kh7 35. Qc5 Kg6 $1 36. h4 Rh8 $1 37. a3 Rh5 $17 {Oll,L-Hodgson,J Groningen
PCA (03) 1993 0-1 46}) 26... Qxf3 27. gxf3 Kh7 28. b4 Kg6 29. a4 Kf5 30. h4 Rc8
31. Kb2 g6 32. Rd4 Rc7 33. a5 $10 {Hracek,Z-Leko,P Brno (8) 1993 1/2 44}) 23...
Qxe2 24. Rxe2 Rd8 25. Rde1 Ng6 26. g3 a6 27. b3 Rd3 28. Kb2 h4 29. Kc2 Rd4 30.
Be3 Rg4 31. Bf2 hxg3 32. hxg3 Ne7 $10 {Almasi,Z-Zolnai,T HUN-ch (09) 1992 1/2
49})) (21. Re3 $5 {Ftacnik}) (21. Re3 {Boensch} Qd5 22. Kb1 Ng6 23. Bc3 (23.
Rg3 Qxe5 24. Bc3 Qb5 25. h4 h5 26. Qe2 Bd5 27. b3 a5 28. Qxh5 a4 29. Rxg6 fxg6
30. Qxg6 Qd7 31. b4 $14 {Stefansson,H-Kotronias,V Reykjavik op (03) 1994 1/2 51
}) 23... Qxg2 24. Qxg2 Bxg2 25. Rg3 Bc6 26. Rdg1 Rd8 27. Kc2 Rd7 28. b3 Kh8 29.
Rg4 Ne7 30. Rd4 Bd5 31. Rf4 Nf5 32. Kd2 Bc6 33. a4 h6 34. Rxf5 exf5 35. Rxg7
Rxd3+ 36. Kxd3 {1/2-1/2 Ivanov,AV-Rachels,S/USA-ch (1) 1989}) 21... Qd5 22.
Bxf8 Rxf8 23. Kb1 Qxg2 24. Qxg2 (24. Qh4 $1 {Ernst} g6 25. Re3 Bd5 26. Rh3 h5
27. Rc1 $14 {Psakhis,L-Greenfeld,A/Tel Aviv/1991} (27. Rc1 {Boensch} Qd2 28. b3
a5 29. Qf6 a4 30. Rg3 axb3 31. Rxg6+ $10 {Psakhis,L-Greenfeld,A Tel Aviv (04)
1991 1/2 37})) (24. Qf4 {Ernst}) 24... Bxg2 25. Rc1 Bc6 26. Kc2 (26. Rc4 Rd8
$146 (26... f5 27. exf6 Rxf6 28. h4 h6 29. Rg1 Kf7 30. h5 Kf8 31. Kc2 Rf5 32.
Rcg4 Rf7 33. Kc3 Bf3 34. Rg6 Rc7+ 35. Kd2 Bxh5 $10 {Georgiev,Ki-Gurevich,D/
Palma de Mallorca/1989/1/2-1/2/59}) 27. Kc2 g6 28. Kc3 Kg7 29. b4 h6 30. Rc5 a6
31. Ra1 g5 32. a4 Bf3 33. Rc7 Kg6 34. d4 Rf8 35. Rf1 g4 36. Kd2 f5 $6 37. exf6
Rxf6 38. Re7 h5 39. Ke3 h4 40. Rf2 Bc6 41. Rf4 $1 $16 {Palac,M-Lisenko,A/
Vinkovci/1993/1/2-1/2/81}) 26... f5 {And finally the two players began to play
their own moves! I must say that this particular variation is a very strange
choice as Black has no winning chances whatsoever. In addition, as the game
shows, white has reasonable winning chances. After all, if a 2700 player such
as Kramnik cannot hold this endgame, what chance has a mere mortal 2500 player?
} 27. exf6 {White would have no winning chances if Black were allowed a passed
f-pawn.} Rxf6 28. Rf1 Rh6 (28... Rxf1 $2 {Boensch} 29. Rxf1 {/\ Kc3-d4-e5 +-})
29. Rf2 Rh3 30. Kc3 h6 (30... Bb5 {Ftacnik} 31. Rd1) 31. Kd4 Kh7 32. b3 g5 33.
Rcf1 Kg6 (33... Bb5 {Ftacnik} 34. Rf7+ Kg6 35. Rxb7 $16) (33... Bd5 $2 {Boensch
} 34. Rf7+ Kg6 35. R1f6+ Kh5 36. Rh7 $18) 34. Rf6+ Kh5 35. Rxe6 Rxh2 36. Rff6 (
36. a4 {Boensch} Kg4 $10) 36... Rxa2 37. Rxh6+ Kg4 38. Re5 Rg2 39. Rg6 Kh4 (
39... Kf4 {Ftacnik} 40. Rf6+ Kg4 41. Ke3 Rg3+ 42. Kd2 Rg2+ 43. Kc3 Rg1 44. d4
$16) 40. Rh6+ Kg4 41. Rg6 (41. Rh8 {Ernst} Kf4 $10) 41... Kh4 {And here most
observers expected the game to end in a draw by three fold repetition after 42.
Rh6+. However, as both Short and Hodgson had lost to Kasparov and Tiviakov by
now, Adams was forced to find a way to fight on.} 42. Re3 g4 43. Ke5 Rf2 (43...
Rd2 {Ernst}) (43... g3 {Ftacnik} 44. d4 $1) 44. d4 Rd2 45. Rh6+ Kg5 46. Rh8 (
46. Rd6 $5 {Boensch}) 46... Bf3 47. Rf8 Bc6 48. b4 b6 (48... a6 {Ernst} 49. Rd8
{/\ 50.d5} (49. Rd8 {Ftacnik} Bf3 50. d5 $16)) 49. Rd8 a5 50. d5 Rxd5+ (50...
Ba4 {Ftacnik} 51. bxa5 bxa5 52. d6 $16) 51. Rxd5 Bxd5 52. bxa5 $4 {[#]
throwing away the win.} (52. Kxd5 Kf4 (52... axb4 53. Ke4 Kh4 54. Kf4 $18) (
52... a4 53. b5 Kf4 54. Ra3 g3 55. Rxa4+ $18 Kf3 56. Kc6 g2 57. Ra1) 53. Re1 $1
(53. Re4+ {Ernst} Kf3 $10) (53. Re6 {Hecht} Kf3 $2 (53... g3 $1 54. Rxb6 (54.
b5 g2 55. Rg6 Kf3 56. Kc6 a4 57. Kxb6 a3 58. Rf6+ Ke2 59. Re6+ Kf2 60. Rf6+ Kg1
61. Kc7 a2 62. Ra6 $10) 54... axb4 (54... a4 55. Rc6 g2 56. Rc1 Ke3 57. b5 Kf2
58. b6 $18) 55. Kd4 g2 56. Rg6 Kf3 57. Kd3 Kf2 58. Rf6+ Ke1 $10) 54. b5 $1 g3
55. Rxb6 g2 56. Rg6 a4 57. Kc4 $18) 53... axb4 $8 (53... Kf3 54. b5 $1 g3 55.
Kc6 g2 56. Kxb6 Kf2 57. Ra1 a4 58. Ka5 $1 $18 (58. Ka5 {Ftacnik} a3 59. Ra2+ (
59. Ka4 $18 {Boensch}) 59... Kf1 60. Rxa3 g1=Q 61. Ra1+ $18)) 54. Kd4 $1 Kf3 (
54... g3 55. Rf1+ Kg4 56. Ke3 g2 57. Rg1 Kg3 58. Rb1 Kh2 59. Kf2) 55. Kd3 $1 g3
(55... Kf2 56. Re2+ $1 Kf3 (56... Kf1 57. Ke3 g3 58. Kf3) 57. Re6 g3 58. Rf6+
Kg2 59. Ke2) 56. Rf1+ Kg2 57. Ke2 Kh2 58. Rb1 g2 59. Kf2 {And the Black have
been blockaded and will shortly run out of moves.} (59. Kf2 b3 60. Rg1 $18))
52... bxa5 53. Kxd5 Kf4 54. Ra3 (54. Re8 {Boensch} g3 55. Rf8+ Ke3 $10 (55...
Kg4 $2 56. Ke4 g2 57. Rg8+ Kh3 58. Kf3 $18)) 1/2-1/2

[Event "Hotel Agro GM"]
[Site "Budapest"]
[Date "1999.07.31"]
[Round "2"]
[White "Acs, Peter"]
[Black "Wittmann, Walter"]
[Result "1-0"]
[WhiteElo "2525"]
[BlackElo "2364"]
[Annotator "Tsesarsky,I"]
[PlyCount "49"]
[EventDate "1999.08.05"]
[EventType "tourn"]
[EventRounds "9"]
[EventCountry "HUN"]
[EventCategory "10"]
[SourceTitle "CBM 073"]
[Source "ChessBase"]
[SourceDate "1999.12.01"]
[SourceVersion "1"]
[SourceVersionDate "1999.12.01"]
[SourceQuality "1"]

1. e4 c5 2. Nf3 d6 3. d4 cxd4 4. Nxd4 Nf6 5. Nc3 Nc6 6. Bg5 e6 7. Qd2 Be7 8.
O-O-O O-O 9. f4 Nxd4 10. Qxd4 h6 11. h4 hxg5 12. hxg5 Ng4 13. Be2 e5 14. Qg1
exf4 (14... Bxg5 15. fxg5 Qxg5+ 16. Kb1 Rd8 17. Rd3 g6 (17... Nh6 18. Nd5 $16)
18. Rg3 $16) 15. Bxg4 Bxg5 (15... Bxg4 16. Qh2 f5 17. g6 $2 (17. Qh7+ $1 Kf7
18. exf5 Rg8 (18... Ke8 19. f6 Bxd1 20. fxg7 Bxc2 21. Kxc2 Kd7 22. Qh3+ Kc7 23.
Nd5+ Kb8 24. Nxe7 Qxe7 25. gxf8=Q+ Qxf8 26. Qc3 $18) 19. f6 (19. Rdf1 d5 (19...
Bxg5 20. Qg6+ Kf8 21. Ne4 Bf6 22. Qxg4 $16) 20. f6 Bc5 21. g6+ Ke6 (21... Kxf6
22. Rxf4+ $18) 22. f7 Rh8 23. Qxg7 Rxh1 24. Rxh1 Be3+ 25. Kb1 d4 26. Ne4 (26.
Qh6 dxc3 $19) 26... d3 27. cxd3 Qxd3+ 28. Ka1 Qxe4 29. Qg8 $18) 19... Bxf6 20.
gxf6 Bxd1 21. Rxd1 Qxf6 22. Ne4 Qe5 23. Nxd6+ Kf8 24. Qg6 Qf6 $17) 17... Bh4
18. Rd5 $1 fxe4 $1 (18... Qg5 $2 19. Qxh4 Qxg6 (19... Qxh4 20. Rxh4 Rf6 21. Nb5
$16) 20. Nb5 Rad8 21. Nd4 $1 $18 {[%cal Ge4f5]} (21. e5 Qh6 22. Qxh6 gxh6 23.
Rxd6 h5 $14)) 19. Qxh4 (19. Nxe4 Rf5 20. Nc3 (20. Rxd6 Qe8 21. Qxh4 Rh5 22. Qe1
Qxe4 $1 23. Qxe4 Rxh1+ 24. Kd2 Rd1+ 25. Kc3 Rc8+ 26. Kb4 Rxd6 $19) 20... Rxd5
21. Nxd5 f3 22. Qxh4 Qxh4 23. Rxh4 f2 $19) 19... Qxh4 20. Rxh4 Bf5 (20... f3
21. Nxe4 f2 22. Nxf2 Rxf2 23. Rxg4 Rc8 24. c3 $16) 21. Rxf4 Bxg6 22. Rg4 (22.
Rxf8+ Rxf8 23. Rxd6 e3 24. Kd1 Bh5+ 25. Ke1 Rf2 $17) 22... Bh7 (22... Bf5 23.
Rg5 Bh7 24. Rxd6 e3 25. Re5 Rf2 26. Rxe3 Rxc2+ $17) 23. Kd2 e3+ 24. Kxe3 Rae8+
$17) 16. Bf3 (16. Bxc8 Rxc8 17. Rd3 (17. Nd5 Re8 18. Qd4 Re5 19. Kb1 Qe8 20.
Rh5 f6 21. Rdh1 Kf7 22. Qd1 Qa4 $17 {1/2-1/2 Tolnai,T-Lugovoi,A/Balatonbereny ,
EXT 1993 (33)}) (17. e5 Rc6 (17... Rxc3 18. bxc3 Qa5 $44) 18. exd6 Rxd6 19.
Rxd6 Qxd6 20. Ne4 Qg6 21. Nxg5 Qxg5 22. Qh2 f3+ 23. Kb1 Qh6 24. Qxh6 gxh6 25.
gxf3 $11) 17... Bh6 (17... Re8 18. Kb1 Rc5 (18... Qb6 19. Qh2 (19. Qxb6 axb6
20. Rxd6 Rc6 21. Rd7 $14) 19... Bh6 20. g3 fxg3 21. Rxg3 Re6 22. Nd5 $16) 19.
g3 (19. Qd4 Re6 20. Rhd1 Qe8 21. Rh3 $132 (21. Qb4 $2 Qc6 22. Qb3 Bf6 $17 {
0-1 Greve,T-Mertala,P/cr B-SF 1992 (25)})) 19... fxg3 20. Rxg3 Re6 21. Rh5 Bf6
(21... Bh6 22. Nd5 $16) 22. Nd5 $16 {1-0 Dvoiris-Feher,G/Budapest 1991 (24)})
18. Kb1 (18. e5 $5) 18... Qg5 19. g3 (19. Qxa7 Qxg2 20. Rg1 Qh2 21. Qd4 Rc4 22.
Rxg7+ Bxg7 23. Qxc4 Bxc3 24. bxc3 Re8 25. Rxd6 Qh1+ 26. Kb2 Qxe4 27. Rd4 $14 {
1/2-1/2 Wiersma,E-Sosonko,G/NED ch 1995/Inf 64 (29)}) 19... Rc5 20. gxf4 (20.
Qe1 f5 21. gxf4 Qxf4 22. Rf1 (22. exf5 Rfxf5 23. Qe7 Rf7 24. Qe6 $11) 22... Qe5
23. Qd1 fxe4 24. Rxf8+ Kxf8 25. Rxd6 Kg8 26. Rd7 $44 (26. Rd4 e3 $15 {1-0
Sandler,L-Goldenberg,I/AUS-ch ,EXT 1993 (51)})) 20... Qxg1+ 21. Rxg1 f5 22.
Rxd6 Bxf4 23. Rd7 Rf7 24. Rxf7 Kxf7 25. Nd5 (25. exf5 Rxf5 $15) 25... Be5 26.
Rg5 (26. b4 Rc4 27. exf5 Rd4 28. c4 Rxc4 29. Rd1 Rg4 $15) 26... g6 27. c4 Bf6
28. Rg1 Rxc4 29. exf5 gxf5 30. Rf1 Ke6 31. Rxf5 Bxb2 32. Kxb2 Rc5 33. Rf2 Kxd5
$11 {1/2-1/2 Dvoirys Semen I-Umansky,V/RUS (1/2 final URS) Gorky (RUS) 1989/
Inf 01 (43)}) (16. Qh2 Bh6 17. Bf3 Qf6 18. Nb5 Rd8 19. Nc7 Rb8 20. Nd5 Qe5 $132
) 16... Re8 17. Nb5 $6 $132 (17. Kb1 $142 $1 {Last word yet is not told in
this variation.} Re6 $5 (17... a5 $6 {[%csl Gd6][%cal Ga8a6,Ga6d6]} 18. g3 $1
a4 19. Qh2 Bh6 20. gxf4 a3 21. f5 (21. Rdg1 Kf8 22. b3 Qf6 23. Nd1 Bd7 $132)
21... Ra6 (21... Qa5 22. Rdg1 Qb4 23. Nd1 Kf8 24. f6 Qd4 25. e5 $1 Be6 (25...
Qxe5 26. Qxh6 gxh6 27. Rxh6 $18) 26. b3 Bxb3 $5 27. fxg7+ Bxg7 28. Rxg7 Bxc2+
29. Qxc2 Qb4+ 30. Ka1 Qd4+ 31. Nc3 Kxg7 32. Qh7+ Kf8 33. Qh8+ Ke7 34. Qf6+ Kd7
35. e6+ $18) 22. Rdg1 Qb6 23. b3 $2 (23. Nd1 $1 d5 (23... Kf8 24. f6 d5 25. e5
(25. fxg7+ Bxg7 26. Rxg7 Kxg7 27. Qh7+ Kf8 28. exd5 (28. Qh8+ Ke7 29. Qe5+ Qe6
$15) 28... Qf6 $15) 25... Bf5 (25... axb2 26. Rxg7 $1 Rxa2 (26... Bxg7 27. Qh8+
$1 $18) 27. Rxf7+ $1 Kg8 28. Rg1+ $18) 26. Rxg7 Bxc2+ 27. Qxc2 Bxg7 28. fxg7+
Kxg7 29. Qh7+ Kf8 30. Bh5 $18 {[%csl Rf7][%cal Gh1f1]}) 24. Be2 $1 $16) 23...
d5 24. Be2 (24. Nxd5 Qd4 25. c3 Qd3+ 26. Ka1 (26. Qc2 Qxf3 27. f6 Bg4 28. Ne7+
Kf8 29. e5 gxf6 $17) 26... Qxf3 27. f6 Rxf6 28. Nxf6+ Qxf6 $17 {0-1 Borge,
N-Strange,M/Copenhagen Politiken 1996 (37)}) (24. Nd1 Qf6 25. exd5 Bxf5 26. Re1
Rc8 27. Be4 $132) 24... Qd4 25. Rg3 Rc6 $132 26. f6) 18. g3 $14) 17... Re6 18.
Qd4 (18. Bg4 Rg6 19. Bxc8 Rxc8 20. Nxa7 Ra8 $132) 18... Bd7 $4 $18 (18... Bf6
$1 19. Qd3 (19. Qd2 Qb6 {[%csl Rb2]}) 19... Qb6 20. c3 Be5 21. Nd4 Re7 22. Rh2
{[%cal Gd1h1]} g6 23. Rdh1 Bd7 24. Rh7 Rae8 $132) 19. Nxd6 Bc6 (19... Bf6 20.
Qd5 Qb6 {[%tqu "En","?","","","h1h8","",10]} 21. Rh8+ $1 Kxh8 22. Qh5+ Kg8 23.
Qxf7+ Kh8 24. Rh1+ $18) {[%tqu "En","?","","","h1h8","",10]} 20. Rh8+ $1 Kxh8
21. Nxf7+ Kh7 22. Qc5 (22. Nxd8 Rxd8 23. Qc5 Rxd1+ 24. Kxd1 $18) 22... Rg6 (
22... Qe7 23. Nxg5+ Kg8 24. Qc4 $18) 23. Nxd8 Rxd8 24. Rxd8 Bxd8 25. Qf5 {
[%csl Rg6][%cal Gf3h5]} 1-0